De las reformas en el procedimiento judicial en lo que se refiere á las declaraciones de fallecimiento ab-intestato / (Record no. 166719)

MARC details
000 -LEADER
campo de control de longitud fija 00941nam a2200193 i 4500
001 - NÚMERO DE CONTROL
campo de control 166719
003 - IDENTIFICADOR DE NÚMERO DE CONTROL
campo de control ES-MaACL
005 - FECHA Y HORA DE LA ÚLTIMA TRANSACCIÓN
campo de control 20230906213404.0
008 - DATOS DE LONGITUD FIJA--INFORMACIÓN GENERAL
campo de control de longitud fija 050920s1880 sp | |||||||| ||spa d
040 ## - FUENTE DE CATALOGACIÓN
Centro catalogador/agencia de origen CAM
Lengua de catalogación spa
Centro/agencia transcriptor CAM
100 1# - ENTRADA PRINCIPAL--NOMBRE DE PERSONA
Nombre de persona Tuñi y Falguera, José de Calasanz.
9 (RLIN) 133423
245 10 - MENCIÓN DEL TÍTULO
Título De las reformas en el procedimiento judicial en lo que se refiere á las declaraciones de fallecimiento ab-intestato /
Mención de responsabilidad, etc. por José de Calasanz Tuñi y Falguera.
260 ## - PUBLICACIÓN, DISTRIBUCIÓN, ETC.
Lugar de publicación, distribución, etc. Mataró,
Fecha de publicación, distribución, etc. 1880 (
Fabricante Establecimiento tipográfico de las Hijas de Abadal)
300 ## - DESCRIPCIÓN FÍSICA
Extensión 14 p. ;
Dimensiones 24 cm.
500 ## - NOTA GENERAL
Nota general Datos tomados de la cub.
650 #4 - PUNTO DE ACCESO ADICIONAL DE MATERIA--TÉRMINO DE MATERIA
Término de materia o nombre geográfico como elemento de entrada Herencias.
9 (RLIN) 136216
650 #4 - PUNTO DE ACCESO ADICIONAL DE MATERIA--TÉRMINO DE MATERIA
Término de materia o nombre geográfico como elemento de entrada Procedimiento civil.
9 (RLIN) 16419
852 ## - LOCALIZACIÓN
Ubicación ES-MaACL
Número de control de estantería T-1266-F-3
Nota libre -- Enc. hol., conservando la cub. original
-- -- An. ms.: "Publicado en la Gaceta de Registradores y Notarios de Madrid y Revisata de Procuradores, de 21 noviembre 1880 y siguientes"
-- -- Enc. en un vol. facticio
Holdings
Estatus retirado Estado de pérdida Estado de daño No para préstamo Colección Biblioteca de origen Biblioteca actual Ubicación en estantería Fecha de adquisición Total de préstamos Signatura topográfica completa Código de barras Visto por última vez Precio de reemplazo Tipo de ítem Koha
        Colección de folletos Biblioteca del Ateneo de Madrid Biblioteca del Ateneo de Madrid Depósito folletos 17/01/2008   T-1266-F-3 1174852 23/02/2023 23/02/2023 Folleto